[Event "AUT-ch Seniors 50"]
[Site "Vienna"]
[Date "2023.05.16"]
[Round "2"]
[White "Keintzel, Raimund"]
[Black "Kassel, Walter"]
[Result "0-1"]
[WhiteElo "1593"]
[BlackElo "1833"]
[PlyCount "40"]
[EventDate "2023.05.15"]
[EventType "swiss"]
[EventRounds "7"]
[EventCountry "AUT"]
[SourceTitle "CBM 214 Extra"]
[Source "ChessBase"]
[SourceDate "2023.07.31"]
[SourceVersion "1"]
[SourceVersionDate "2023.07.31"]
[SourceQuality "1"]

1. e4 e5 2. Nf3 Nf6 3. Nc3 Bb4 4. Bc4 Nc6 5. 0-0 0-0 6. d3 h6 7. Nh4 Kh7 8. Nd5 Nxd5 9. exd5 Qxh4 10. dxc6 bxc6 11. Qf3 d5 12. a3 Bd6 13. g3 Qh3 14. Bb3 Bg4 15. Qe3 Bc5 16. d4 Bxd4 17. Qd3+ e4 18. Qxd4 Bf3 19. Qxe4+ dxe4 20. Bf4 Qg2# 0-1

[Event "Neumarkt am Wallersee op 17th"]
[Site "Neumarkt am Wallersee"]
[Date "2019.08.26"]
[Round "2.2"]
[White "Kassel, Walter"]
[Black "Poellner, Florian"]
[Result "0-1"]
[WhiteElo "1854"]
[BlackElo "1780"]
[PlyCount "87"]
[EventDate "2019.08.25"]
[EventType "swiss"]
[EventRounds "7"]
[EventCountry "AUT"]
[SourceTitle "EXT 2024"]
[Source "ChessBase"]
[SourceDate "2023.10.10"]
[SourceVersion "1"]
[SourceVersionDate "2023.10.10"]
[SourceQuality "1"]

1. Nf3 d5 2. b4 Nf6 3. Bb2 e6 4. a3 Nbd7 5. e3 c5 6. b5 Be7 7. Be2 0-0 8. 0-0 Qc7 9. c4 b6 10. d4 Bb7 11. Nbd2 Rac8 12. Rc1 Qb8 13. Qb3 Rfd8 14. Rfd1 cxd4 15. exd4 dxc4 16. Bxc4 Nd5 17. Ne5 N7f6 18. f3 Bd6 19. Nf1 Bxe5 20. dxe5 Nd7 21. Re1 Nc5 22. Qa2 Rd7 23. Ne3 Nxe3 24. Rxe3 Rcd8 25. Bc3 Bd5 26. Rc2 Bxc4 27. Qxc4 h6 28. Bb4 Rd4 29. Qe2 R8d5 30. Bxc5 bxc5 31. g3 Qb6 32. Kg2 Rd1 33. Kh3 Rb1 34. Rb2 Rxb2 35. Qxb2 c4 36. Rc3 Rxb5 37. Qc2 Rxe5 38. Rxc4 Rh5+ 39. Kg2 Rd5 40. Kh3 g6 41. Qc1 Rh5+ 42. Kg2 Kh7 43. Qc3 Rd5 44. Qf6 0-1

[Event "Brno op 6th"]
[Site "Brno"]
[Date "2015.11.15"]
[Round "2"]
[White "Semenova, Elena"]
[Black "Kassel, Walter"]
[Result "1-0"]
[WhiteElo "2170"]
[BlackElo "1923"]
[PlyCount "51"]
[EventDate "2015.11.14"]
[EventType "swiss"]
[EventRounds "9"]
[EventCountry "CZE"]
[SourceTitle "CBM 169 Extra"]
[Source "ChessBase"]
[SourceDate "2015.12.18"]
[SourceVersion "1"]
[SourceVersionDate "2015.12.18"]
[SourceQuality "1"]

1. e4 c6 2. d4 d5 3. Nd2 dxe4 4. Nxe4 Nd7 5. Bc4 e6 6. Ng5 Ndf6 7. N5f3 Bd6 8. Qe2 Ne7 9. Ne5 0-0 10. Ngf3 Bxe5 11. dxe5 Nfd5 12. Bd2 Ng6 13. 0-0-0 b5 14. Bd3 Ngf4 15. Bxf4 Nxf4 16. Bxh7+ Kh8 17. Qe1 Qe7 18. Be4 Bb7 19. g3 Nd5 20. h4 c5 21. Ng5 Rfd8 22. f4 Nb4 23. Qe2 Bxe4 24. Qxe4 Rxd1+ 25. Rxd1 g6 26. Qxa8+ 1-0

[Event "Neumarkt am Wallersee op 13th"]
[Site "Neumarkt am Wallersee"]
[Date "2014.08.29"]
[Round "7"]
[White "Kassel, Walter"]
[Black "Pruell, Lukas"]
[Result "0-1"]
[WhiteElo "1911"]
[BlackElo "2008"]
[PlyCount "90"]
[EventDate "2014.08.23"]
[EventType "swiss"]
[EventRounds "9"]
[EventCountry "AUT"]
[SourceTitle "EXT 2016"]
[Source "ChessBase"]
[SourceDate "2015.10.08"]
[SourceVersion "1"]
[SourceVersionDate "2015.10.08"]
[SourceQuality "1"]

1. e4 e5 2. Nf3 Nc6 3. Bb5 a6 4. Ba4 Nf6 5. 0-0 Nxe4 6. Re1 Nc5 7. Bxc6 dxc6 8. d4 Ne6 9. dxe5 Qxd1 10. Rxd1 Bd7 11. Be3 Be7 12. c4 Rd8 13. Nc3 0-0 14. Rd3 f6 15. Rad1 Bc8 16. Ne4 Rxd3 17. Rxd3 f5 18. Nc3 Nd8 19. Nd4 g5 20. f4 gxf4 21. Bxf4 Ne6 22. Nce2 Bc5 23. Kf1 Bxd4 24. Rxd4 Nxd4 25. Nxd4 c5 26. Nf3 Be6 27. b3 b5 28. Ng5 Re8 29. cxb5 axb5 30. Ke2 h6 31. Nf3 Kg7 32. Nd2 Ra8 33. a4 bxa4 34. bxa4 Rxa4 35. Be3 c4 36. Nb1 c6 37. Nc3 Ra5 38. Kf3 Kg6 39. Bd4 Ra3 40. Kf4 c5 41. Nb5 cxd4 42. Nxa3 c3 43. Kf3 d3 44. Ke3 d2 45. Ke2 Bb3 0-1

[Event "Vienna Kavalier op 8th"]
[Site "Vienna"]
[Date "2013.10.28"]
[Round "3"]
[White "Maly, Martin"]
[Black "Kassel, Walter"]
[Result "1-0"]
[WhiteElo "2143"]
[BlackElo "1879"]
[PlyCount "113"]
[EventDate "2013.10.24"]
[EventType "swiss"]
[EventRounds "7"]
[EventCountry "AUT"]
[SourceTitle "EXT 2014"]
[Source "ChessBase"]
[SourceDate "2013.11.20"]
[SourceVersion "1"]
[SourceVersionDate "2013.11.20"]
[SourceQuality "1"]

1. e4 c5 2. Nf3 d6 3. d4 cxd4 4. Nxd4 Nf6 5. f3 e5 6. Nb3 Be7 7. c4 Be6 8. Be3 Qc7 9. Nc3 a6 10. Rc1 Nbd7 11. Nd5 Bxd5 12. cxd5 Qb8 13. Qd2 0-0 14. Bd3 b6 15. 0-0 Nc5 16. Na1 Nxd3 17. Qxd3 Qb7 18. Rc6 Nd7 19. b4 Rfc8 20. Rfc1 a5 21. Qc4 Rd8 22. Rc7 Qb8 23. Qc6 Ra7 24. bxa5 Rxc7 25. Qxc7 bxa5 26. Nb3 a4 27. Na5 Kf8 28. Nb7 Nc5 29. Qxb8 Rxb8 30. Nxc5 dxc5 31. Rc2 Ke8 32. Bc1 g6 33. Kf2 f5 34. Rc4 Rb4 35. Rxb4 cxb4 36. Ke2 Bc5 37. Kd3 Kd7 38. Kc4 Kd6 39. Bd2 b3 40. axb3 a3 41. b4 Bg1 42. Kb3 Bxh2 43. Bh6 fxe4 44. fxe4 Bf4 45. Bf8+ Kc7 46. Kxa3 h5 47. Bc5 g5 48. b5 g4 49. Bf2 Bg5 50. g3 Bd2 51. Ka4 Bc3 52. b6+ Kc8 53. Kb5 Bd4 54. Bxd4 exd4 55. Kc6 d3 56. d6 d2 57. d7+ 1-0

[Event "Budapest FS03 FM"]
[Site "Budapest"]
[Date "2013.03.08"]
[Round "6"]
[White "Kassel, Walter"]
[Black "Krstulovic, Alex"]
[Result "1/2-1/2"]
[WhiteElo "1882"]
[BlackElo "1893"]
[PlyCount "50"]
[EventDate "2013.03.02"]
[EventType "tourn"]
[EventRounds "9"]
[EventCountry "HUN"]
[SourceTitle "CBM 153 Extra"]
[Source "ChessBase"]
[SourceDate "2013.04.22"]
[SourceVersion "1"]
[SourceVersionDate "2013.04.22"]
[SourceQuality "1"]

1. d4 Nf6 2. c4 e6 3. Nf3 Bb4+ 4. Bd2 c5 5. g3 0-0 6. Bg2 Nc6 7. 0-0 d6 8. a3 Bxd2 9. Qxd2 cxd4 10. Nxd4 Nxd4 11. Qxd4 Qc7 12. Nc3 a6 13. Rac1 Rd8 14. Rfd1 Rb8 15. Ne4 Nxe4 16. Qxe4 b6 17. Qf4 Bb7 18. b4 Bxg2 19. Kxg2 Rbc8 20. Rd3 a5 21. Rcd1 Qb7+ 22. Qf3 Qe7 23. Qf4 Qb7+ 24. Qf3 Qe7 25. Qf4 Qb7+ 1/2-1/2

[Event "Padova op-A 15th"]
[Site "Padova"]
[Date "2012.12.22"]
[Round "8"]
[White "Bonan, Yves"]
[Black "Kassel, Walter"]
[Result "1/2-1/2"]
[WhiteElo "1891"]
[BlackElo "1912"]
[PlyCount "31"]
[EventDate "2012.12.16"]
[EventType "swiss"]
[EventRounds "9"]
[EventCountry "ITA"]
[SourceTitle "EXT 2024"]
[Source "ChessBase"]
[SourceDate "2023.10.10"]
[SourceVersion "1"]
[SourceVersionDate "2023.10.10"]
[SourceQuality "1"]

1. Nf3 Nf6 2. g3 g6 3. c4 Bg7 4. Nc3 0-0 5. Bg2 d6 6. 0-0 e5 7. d3 Nbd7 8. Bg5 h6 9. Bxf6 Nxf6 10. Rb1 a5 11. Nd2 Rb8 12. b4 axb4 13. Rxb4 b6 14. a4 Be6 15. h3 d5 16. Qc2 1/2-1/2

[Event "Padova op-A 15th"]
[Site "Padova"]
[Date "2012.12.20"]
[Round "6"]
[White "Kassel, Walter"]
[Black "Viola, Enrico"]
[Result "0-1"]
[WhiteElo "1912"]
[BlackElo "1865"]
[PlyCount "70"]
[EventDate "2012.12.16"]
[EventType "swiss"]
[EventRounds "9"]
[EventCountry "ITA"]
[SourceTitle "EXT 2024"]
[Source "ChessBase"]
[SourceDate "2023.10.10"]
[SourceVersion "1"]
[SourceVersionDate "2023.10.10"]
[SourceQuality "1"]

1. e4 c5 2. Nf3 Nc6 3. d4 cxd4 4. Nxd4 Nf6 5. Nc3 e5 6. Ndb5 d6 7. Bg5 a6 8. Na3 b5 9. Bxf6 gxf6 10. Nd5 Bg7 11. c3 Be6 12. Nc2 0-0 13. Nce3 Ne7 14. Bd3 Rb8 15. 0-0 Qd7 16. f4 Bxd5 17. exd5 Qa7 18. Qf3 exf4 19. Qxf4 Nxd5 20. Qf5 Qxe3+ 21. Kh1 Qh6 22. Qxd5 Rfe8 23. Rf3 Qh4 24. Raf1 Re1 25. Rxe1 Qxe1+ 26. Rf1 Qe6 27. Qc6 d5 28. Qc7 Re8 29. h3 Qe5 30. Qc6 Qe6 31. Qb7 Bf8 32. Rf5 Bd6 33. g3 Qe1+ 34. Rf1 Qxg3 35. Bxh7+ Kg7 0-1

[Event "Padova op-A 15th"]
[Site "Padova"]
[Date "2012.12.18"]
[Round "4"]
[White "Bozzao, Francesco"]
[Black "Kassel, Walter"]
[Result "1-0"]
[WhiteElo "1857"]
[BlackElo "1912"]
[PlyCount "79"]
[EventDate "2012.12.16"]
[EventType "swiss"]
[EventRounds "9"]
[EventCountry "ITA"]
[SourceTitle "EXT 2024"]
[Source "ChessBase"]
[SourceDate "2023.10.10"]
[SourceVersion "1"]
[SourceVersionDate "2023.10.10"]
[SourceQuality "1"]

1. d4 Nf6 2. Nf3 g6 3. g3 Bg7 4. Bg2 0-0 5. 0-0 d6 6. c4 c5 7. d5 Bd7 8. Nc3 Qc8 9. Re1 Na6 10. e4 Ng4 11. Bf4 Ne5 12. Nxe5 dxe5 13. Bg5 f6 14. Be3 g5 15. Rc1 Bg4 16. f3 Bd7 17. Qd2 b6 18. f4 gxf4 19. gxf4 Bh3 20. Re2 exf4 21. Bxf4 Kh8 22. Kh1 Rg8 23. Rg1 Bg4 24. Rf2 Qd7 25. Qe3 Rae8 26. Bf3 Bxf3+ 27. Rxf3 e6 28. Bh6 Bxh6 29. Rxg8+ Rxg8 30. Qxh6 exd5 31. Qxf6+ Rg7 32. exd5 Nc7 33. Rg3 Kg8 34. Rxg7+ Qxg7 35. Qd8+ Qf8 36. Qg5+ Kf7 37. Ne4 Ne8 38. h4 Qh8 39. d6 Qd4 40. Qe7+ 1-0

[Event "Padova op-A 15th"]
[Site "Padova"]
[Date "2012.12.18"]
[Round "3"]
[White "Kassel, Walter"]
[Black "Battagin, Mose"]
[Result "0-1"]
[WhiteElo "1912"]
[BlackElo "1816"]
[PlyCount "90"]
[EventDate "2012.12.16"]
[EventType "swiss"]
[EventRounds "9"]
[EventCountry "ITA"]
[SourceTitle "EXT 2024"]
[Source "ChessBase"]
[SourceDate "2023.10.10"]
[SourceVersion "1"]
[SourceVersionDate "2023.10.10"]
[SourceQuality "1"]

1. Nf3 g6 2. c4 Bg7 3. Nc3 d6 4. g3 Nf6 5. Bg2 0-0 6. 0-0 c5 7. d4 Nc6 8. d5 Na5 9. Qd3 a6 10. Nd2 Rb8 11. a3 b5 12. Rb1 Ng4 13. b4 Ne5 14. Qc2 Naxc4 15. Nxc4 Nxc4 16. bxc5 dxc5 17. a4 Bd7 18. Ne4 Bf5 19. Qa2 Bxe4 20. Bxe4 Nd6 21. Bg2 c4 22. Bf4 f5 23. Qa3 Qd7 24. Rfe1 bxa4 25. Rb4 Rxb4 26. Qxb4 Rc8 27. e4 fxe4 28. Bxe4 c3 29. Bc2 Rc4 30. Qb8+ Kf7 31. Bg5 Bf6 32. Bxf6 Rc8 33. Qb4 exf6 34. Re6 Rd8 35. Bxa4 Nb5 36. Qf4 f5 37. Qe5 Re8 38. Qf6+ Kg8 39. Rxa6 Re1+ 40. Kg2 Qxd5+ 41. Kh3 Re8 42. Bxb5 Qxb5 43. Ra7 Qf1+ 44. Kh4 Re4+ 45. f4 Rxf4+ 0-1

[Event "Vilnius op 2nd"]
[Site "Vilnius"]
[Date "2012.12.02"]
[Round "2"]
[White "Kassel, Walter"]
[Black "Kiolbasa, Oliwia"]
[Result "0-1"]
[WhiteElo "1941"]
[BlackElo "1825"]
[PlyCount "52"]
[EventDate "2012.12.01"]
[EventType "swiss"]
[EventRounds "9"]
[EventCountry "LTU"]
[SourceTitle "EXT 2022"]
[Source "ChessBase"]
[SourceDate "2021.10.06"]
[SourceVersion "1"]
[SourceVersionDate "2021.10.06"]
[SourceQuality "1"]

1. Nf3 d5 2. d4 Nf6 3. c4 dxc4 4. e3 a6 5. a4 Bg4 6. Bxc4 e6 7. Nc3 Be7 8. h3 Bh5 9. g4 Bg6 10. Ne5 c6 11. Bf1 Nbd7 12. Nxg6 hxg6 13. Bg2 Qc7 14. e4 Rd8 15. Be3 e5 16. Qb3 exd4 17. Bxd4 Nc5 18. Bxc5 Bxc5 19. 0-0 Qg3 20. Qxb7 Rxh3 21. Qxc6+ Nd7 22. Qxa6 Qd6 23. Bxh3 Qg3+ 24. Bg2 Ne5 25. Kh1 Qh4+ 26. Kg1 Nxg4 0-1

[Event "Brno op 3rd"]
[Site "Brno"]
[Date "2012.11.11"]
[Round "2"]
[White "Kosina, Vladimir"]
[Black "Kassel, Walter"]
[Result "0-1"]
[WhiteElo "1807"]
[BlackElo "1941"]
[PlyCount "98"]
[EventDate "2012.11.10"]
[EventType "swiss"]
[EventRounds "9"]
[EventCountry "CZE"]
[SourceTitle "CBM 151 Extra"]
[Source "ChessBase"]
[SourceDate "2012.12.18"]
[SourceVersion "1"]
[SourceVersionDate "2012.12.18"]
[SourceQuality "1"]

1. d4 Nf6 2. Nf3 b6 3. g3 Bb7 4. Bg2 e6 5. 0-0 Be7 6. c4 0-0 7. Nc3 d6 8. Qc2 Nbd7 9. Rd1 Ne8 10. e4 Qc8 11. Be3 c5 12. d5 e5 13. Bh3 Qd8 14. Rac1 Bc8 15. Qd2 Ndf6 16. Bg2 Ng4 17. h3 Nxe3 18. Qxe3 f5 19. Rc2 fxe4 20. Nxe4 Bf5 21. Re2 Qd7 22. Kh2 Nf6 23. Nxf6+ Bxf6 24. Ng5 Bxg5 25. Qxg5 Rf6 26. g4 Bg6 27. Qe3 Raf8 28. Rf1 Rf4 29. b3 Qe7 30. Qg3 Qd7 31. Rfe1 h5 32. f3 Qe7 33. Re3 Qf6 34. R1e2 Rd4 35. Qe1 Kf7 36. Qg3 Ke7 37. Qe1 Rh8 38. Kg1 Kd8 39. Rf2 Rf4 40. Rfe2 e4 41. fxe4 hxg4 42. e5 dxe5 43. Rxe5 gxh3 44. Bxh3 Rxh3 45. Re8+ Bxe8 46. Rxe8+ Kd7 47. Re2 Rg4+ 48. Rg2 Qd4+ 49. Qf2 Qd1+ 0-1

[Event "Vienna Kavalier op 7th"]
[Site "Vienna"]
[Date "2012.10.30"]
[Round "5"]
[White "Kassel, Walter"]
[Black "Vrtiakova, Anna"]
[Result "1-0"]
[WhiteElo "1941"]
[BlackElo "1699"]
[PlyCount "197"]
[EventDate "2012.10.25"]
[EventType "swiss"]
[EventRounds "7"]
[EventCountry "AUT"]
[SourceTitle "EXT 2013"]
[Source "ChessBase"]
[SourceDate "2012.11.22"]
[SourceVersion "1"]
[SourceVersionDate "2012.11.22"]
[SourceQuality "1"]

1. Nf3 Nf6 2. g3 d5 3. Bg2 Bf5 4. d3 e6 5. 0-0 Be7 6. c4 c6 7. b3 0-0 8. Bb2 Nbd7 9. Nbd2 Rc8 10. Qc2 Re8 11. e4 dxe4 12. dxe4 Bg6 13. Rfe1 Nc5 14. Ne5 Qc7 15. Nxg6 hxg6 16. e5 Nfd7 17. b4 Na6 18. a3 Red8 19. Rad1 Nab8 20. Qc3 Nf8 21. Ne4 Rxd1 22. Rxd1 Rd8 23. Nd6 Nbd7 24. Qf3 f6 25. c5 Nxe5 26. Bxe5 fxe5 27. Nc4 Rxd1+ 28. Qxd1 Qd7 29. Qe2 Bf6 30. Nd6 Nh7 31. Qg4 Nf8 32. Qc4 Be7 33. Ne4 Qd4 34. Qb3 Qa1+ 35. Bf1 Qd4 36. Qf3 Nd7 37. Bh3 Nf8 38. Bg4 Qa1+ 39. Kg2 Qd4 40. h4 Qd5 41. h5 gxh5 42. Bxh5 g6 43. Bg4 Kg7 44. Kh2 Nh7 45. Qe2 Nf6 46. Bf3 Nxe4 47. Bxe4 Qd4 48. Kg2 g5 49. Qg4 Bf6 50. Qf3 Qc4 51. Bb1 Qd5 52. Be4 Qc4 53. Kh3 Qd4 54. Kh2 Qd8 55. Kg1 Qd4 56. Kg2 Qc4 57. Kg1 Qd4 58. Kh2 Qd8 59. Qg4 Qd4 60. Qe2 Qd8 61. Bd3 Qd4 62. Qc2 Qd8 63. Kg2 Qe8 64. Kg1 Qh5 65. Bc4 Qg4 66. Qd3 Qd4 67. Qb3 Qa1+ 68. Kg2 Qd4 69. Bxe6 Qe4+ 70. Kh2 Qh7+ 71. Kg1 Qg6 72. Bc8 b6 73. cxb6 axb6 74. Qd1 Qf7 75. Qd6 Qa2 76. Bf5 Qd5 77. Qc7+ Kf8 78. Qc8+ Ke7 79. Qc7+ Kf8 80. Qxb6 Qd1+ 81. Kh2 Qh5+ 82. Kg2 g4 83. Qb8+ Kf7 84. Qc7+ Be7 85. Qxe5 Qh3+ 86. Kg1 Qh6 87. Bxg4 Qc1+ 88. Kg2 Qxa3 89. Qe6+ Ke8 90. Qxc6+ Kf8 91. Qc8+ Kf7 92. Qe6+ Ke8 93. Bh5+ Kd8 94. Qd5+ Kc7 95. Qc4+ Kd8 96. Bg4 Ke8 97. Qg8+ Bf8 98. Bh5+ Ke7 99. Qf7+ 1-0

[Event "Steyr op"]
[Site "Steyr"]
[Date "2012.08.30"]
[Round "4"]
[White "Soellradl, Friedrich"]
[Black "Kassel, Walter"]
[Result "0-1"]
[WhiteElo "1781"]
[BlackElo "1939"]
[PlyCount "44"]
[EventDate "2012.08.27"]
[EventType "swiss"]
[EventRounds "7"]
[EventCountry "AUT"]
[SourceTitle "CBM 150 Extra"]
[Source "ChessBase"]
[SourceDate "2012.10.19"]
[SourceVersion "1"]
[SourceVersionDate "2012.10.19"]
[SourceQuality "1"]

1. e4 c5 2. Nf3 e6 3. Nc3 d6 4. Bc4 Nf6 5. d4 cxd4 6. Nxd4 Be7 7. Bb3 0-0 8. 0-0 a6 9. a4 Qc7 10. f4 Nc6 11. Be3 Na5 12. f5 e5 13. Nde2 Nxb3 14. cxb3 Bd7 15. Rc1 Qa5 16. Ng3 Bc6 17. Qf3 d5 18. exd5 Nxd5 19. Nxd5 Bxd5 20. Qg4 Qb4 21. Rc4 Bxc4 22. bxc4 Bc5 0-1

[Event "Vienna Husek op-A"]
[Site "Vienna"]
[Date "2012.08.15"]
[Round "3"]
[White "Pisu, Robert Daniel"]
[Black "Kassel, Walter"]
[Result "1-0"]
[WhiteElo "2033"]
[BlackElo "1961"]
[PlyCount "73"]
[EventDate "2012.08.13"]
[EventType "swiss"]
[EventRounds "7"]
[EventCountry "AUT"]
[SourceTitle "EXT 2014"]
[Source "ChessBase"]
[SourceDate "2013.11.20"]
[SourceVersion "1"]
[SourceVersionDate "2013.11.20"]
[SourceQuality "1"]

1. e4 c5 2. d4 cxd4 3. c3 Nf6 4. e5 Nd5 5. Nf3 Nc6 6. Bc4 Nb6 7. Bb3 e6 8. cxd4 Bb4+ 9. Nc3 d6 10. Bg5 Bxc3+ 11. bxc3 Qc7 12. exd6 Qxd6 13. 0-0 0-0 14. Qd3 Nd5 15. Bc2 f5 16. Rfe1 Bd7 17. a3 Nf4 18. Bxf4 Qxf4 19. Bb3 Rf6 20. Ne5 Nxe5 21. Rxe5 Rh6 22. g3 Qg5 23. Rxf5 Qg4 24. h4 Bc6 25. Rf4 Qh3 26. d5 Rd8 27. Rd4 Rxd5 28. Bxd5 Bxd5 29. Rxd5 exd5 30. Qxd5+ Qe6 31. Qxb7 a6 32. Rd1 Rf6 33. Rd8+ Rf8 34. Rxf8+ Kxf8 35. Qf3+ Ke7 36. Qe3 a5 37. Kf1 1-0